000 00923nam0a2200289 4500
001 RU\NLR\BIBL_A\022274347
005 20250625182414.0
010 _93000
035 _a(NLR Aleph) 022274347
090 _a13322942
_c13322942
100 _a20240708d1973 |||y0rusy50 ca
101 0 _abua
102 _aRU
105 _ay z 000 y
181 0 _ai
_baxxe
182 0 _an
200 1 _aБаян ургаса
_eочеркнууд
_fБарадий Мунгонов
203 _aТекст
_bвизуальный
_cнепосредственный
210 _aУлаан-Үдэ
_cБуряадай номой хэблэл
_d1973
215 _a203, [1] с.
_d18
541 1 _aБогатый урожай
_zrus
686 1 _aШ6(2=Бур)7-4
700 1 _aМунгонов
_bБ. М.
_f1922-1989
_gБарадий Мункуевич
_4070
852 _aNLR
_bОНЛ
_jБур./2-1434
942 _cBOOK
980 _aNB